| 000 | 02235nam a2200469Ia 4500 | ||
|---|---|---|---|
| 020 | _a0026555271 (Level 1, mixed voices) | ||
| 020 | _a0026555360 (Level 1, mixed voices, teacher's wraparound ed.) | ||
| 020 | _a0026555387 (Level 1, mixed voices, piano acc.) | ||
| 020 | _a002655528X (Level 1, tenorbass voices) | ||
| 020 | _a0026555395 (Level 1, tenorbass voices, teacher's wraparound ed.) | ||
| 020 | _a0026555425 (Level 1, tenorbass voices, piano acc.) | ||
| 020 | _a0026555298 (Level 1, treble voices) | ||
| 020 | _a0026555433 (Level 1, treble voices, teacher's wraparound ed.) | ||
| 020 | _a002655545X (Level 1, treble voices, piano acc.) | ||
| 020 | _a0026555379 (Level 1, teacher's resource binder) | ||
| 020 | _a002655531X (Level 2, mixed voices) | ||
| 020 | _a0026555468 (Level 2, mixed voices, teacher's wraparound ed.) | ||
| 020 | _a0026555484 (Level 2, mixed voices, piano acc.) | ||
| 020 | _a0026555476 (Level 2, mixed voices, teacher's resource binder) | ||
| 020 | _a0026555328 (Level 3, mixed voices) | ||
| 020 | _a0026555514 (Level 3, mixed voices, teacher's wraparound ed.) | ||
| 020 | _a0026555530 (Level 3, mixed voices, piano acc.) | ||
| 020 | _a0026555336 (Level 3, tenorbass voices) | ||
| 020 | _a0026555549 (Level 3, tenorbass voices, teacher's wraparound ed.) | ||
| 020 | _a0026555565 (Level 3, mixed voices, piano acc.) | ||
| 020 | _a0026555344 (Level 3, treble voices) | ||
| 020 | _a0026555573 (Level 3, treble voices, teacher's wraparound ed | ||
| 020 | _a002655559X (Level 3, treble voices, piano acc.) | ||
| 020 | _a0026555522 (Level 3, teacher's resource binder) | ||
| 020 | _a0026555352 (Level 4, mixed voices) | ||
| 020 | _a0026555611 (Level 4, mixed voices, teacher's wraparound ed.) | ||
| 020 | _a0026555638 (Level 4, mixed voices, piano acc.) | ||
| 020 | _a002655562X (Level 4, mixed voices, teacher's resource binder) | ||
| 040 | _cNRC | ||
| 082 | _a935 GLE 1997 A104 Or. | ||
| 100 | 1 | _aTower, Mollie G | |
| 245 | 1 | 0 | _aChoral connections / |
| 260 |
_aNew York, N.Y. : _bGlencoe/McGraw-Hill, _cc1997 |
||
| 300 | _a1 kit (7-Level 1 resources, 2-Level 2 resources, 7-Level 3 resources, 3-Level 4 resources) | ||
| 650 | 0 | _aChoral music | |
| 942 | _cEK | ||
| 999 |
_c14219 _d14219 |
||